Hauptstädte der Welt in alphabetischer Reihenfolge - Statistiken

Allgemein
  • Dieses Quiz wurde 139 mal gespielt
  • Das Durchschnittsergebnis liegt bei 93 aus 196
Antwortstatistiken
Country % Korrekt
Abuja
83%
Addis Abeba
83%
Algier
83%
Abu Dhabi
78%
Amman
78%
Amsterdam
78%
Andorra la Vella
78%
Ankara
78%
Astana
78%
Athen
78%
Accra
72%
Antananarivo
72%
Baku
72%
Bangkok
72%
Belmopan
72%
Berlin
72%
Bern
72%
Brasília
72%
Brazzaville
72%
Brüssel
72%
Budapest
72%
Bukarest
72%
Asgabat
67%
Asmara
67%
Bagdad
67%
Bamako
67%
Bangui
67%
Banjul
67%
Beirut
67%
Belgrad
67%
Bischkek
67%
Bratislava
67%
Buenos Aires
67%
Caracas
67%
Apia
61%
Asunción
61%
Bandar Seri Begawan
61%
Bogotá
61%
Canberra
61%
Chișinău
61%
Doha
61%
Dschibuti
61%
Duschanbe
61%
Bridgetown
56%
Dakar
56%
Dhaka
56%
Dili
56%
Dodoma
56%
Freetown
56%
Islamabad
56%
Jakarta
56%
Juba
56%
Kairo
56%
Kingston
56%
Kingstown
56%
Vaduz
56%
Warschau
56%
Wellington
56%
Yaren
56%
Zagreb
56%
Basseterre
50%
Bissau
50%
Castries
50%
Damaskus
50%
Dublin
50%
Funafuti
50%
Georgetown
50%
Guatemala-Stadt
50%
Hanoi
50%
Harare
50%
Havanna
50%
Helsinki
50%
Kampala
50%
Kathmandu
50%
Khartum
50%
Kinshasa
50%
Lima
50%
Luanda
50%
Luxemburg
50%
Madrid
50%
Moskau
50%
Nairobi
50%
Vientiane
50%
Gitega
44%
Jerusalem
44%
Kabul
44%
Kigali
44%
Kopenhagen
44%
Kuwait-Stadt
44%
Lissabon
44%
London
44%
Lusaka
44%
Malé
44%
Managua
44%
Maputo
44%
Mogadischu
44%
Montevideo
44%
Ottawa
44%
Paris
44%
Port Moresby
44%
Praia
44%
Pretoria
44%
Tallinn
44%
Teheran
44%
Tunis
44%
Ulaanbaatar
44%
Vatikanstadt
44%
Vilnius
44%
Washington D.C.
44%
Conakry
39%
Jaunde
39%
Jerewan
39%
Kuala Lumpur
39%
Ljubljana
39%
Lomé
39%
Manama
39%
Manila
39%
Maseru
39%
Maskat
39%
Mbabane
39%
Minsk
39%
Monrovia
39%
N'Djamena
39%
Neu-Delhi
39%
Niamey
39%
Nikosia
39%
Nouakchott
39%
Oslo
39%
Paramaribo
39%
Phnom Penh
39%
Pjöngjang
39%
Port-au-Prince
39%
Port Louis
39%
Port-of-Spain
39%
Porto-Novo
39%
Prag
39%
Quito
39%
Riad
39%
Riga
39%
San Salvador
39%
Santiago
39%
Santo Domingo
39%
Singapur
39%
Sucre
39%
Taschkent
39%
Tiflis
39%
Tripolis
39%
Valletta
39%
Victoria
39%
Wien
39%
Windhoek
39%
Yamoussoukro
39%
Ciudad de la Paz
33%
Gaborone
33%
Honiara
33%
Kiew
33%
Libreville
33%
Lilongwe
33%
Majuro
33%
Mexiko-Stadt
33%
Monaco
33%
Moroni
33%
Nukuʻalofa
33%
Ouagadougou
33%
Palikir
33%
Panama-Stadt
33%
Peking
33%
Podgorica
33%
Port Vila
33%
Priština
33%
Rabat
33%
Reykjavík
33%
Sanaa
33%
San José
33%
São Tomé
33%
Sarajevo
33%
Seoul
33%
Skopje
33%
Sofia
33%
Sri Kotte Jayawardenepura
33%
St. George's
33%
St. John's
33%
Stockholm
33%
Taipeh
33%
Thimphu
33%
Nassau
28%
Rom
28%
San Marino
28%
South Tarawa
28%
Suva
28%
Tegucigalpa
28%
Tirana
28%
Tokio
28%
Naypyidaw
22%
Ngerulmud
22%
Roseau
22%
Keine übereinstimmenden Quizze gefunden
Verteilung der Resultate
Anzahl Personen mit jedem Resultat
Perzentil nach korrekt beantworteten Fragen
Ihre Resultats-Entwicklung
Sie haben dieses Quiz noch nicht gespielt